Statistics for AFL 2014 All-Australian Team

Click here to take the quiz!

General Stats

  • This quiz has been taken 396 times
  • The average score is 11 of 23

Answer Stats

HintAnswer% Correct
FLance Franklin
89%
FolGary Ablett
72%
CNat Fyfe
71%
CoachAlastair Clarkson
67%
FolJoel Selwood
66%
CJosh Kennedy
65%
HBAlex Rance
64%
IntScott Pendlebury
59%
HFNick Riewoldt
56%
FJarryd Roughead
49%
FolAaron Sandilands
48%
HBBrodie Smith
39%
IntJordan Lewis
39%
BNick Smith
39%
IntTravis Boak
37%
HFRobbie Gray
36%
CDyson Heppell
33%
BDaniel Talia
29%
HFLuke Breust
26%
IntTom Rockliff
24%
BCale Hooker
22%
FHayden Ballantyne
17%
HBNick Malceski
15%

Score Distribution

Percentile by Number Answered

Percent of People with Each Score

Your Score History

You have not taken this quiz